[Event "IECC O email"]
[Site "IECC email"]
[Date "2003.08.04"]
[Round "?"]
[White "Healey, Jim"]
[Black "Laurie, Ricardo"]
[Result "0-1"]
[WhiteElo "908"]
[BlackElo "986"]
[PlyCount "82"]
[EventDate "2003.??.??"]
[EventType "tourn (corr)"]
[EventRounds "6"]
[SourceTitle "Corr 2008"]
[Source "ChessBase"]
[SourceDate "2008.06.24"]
[SourceVersion "1"]
[SourceVersionDate "2008.06.24"]
[SourceQuality "1"]

1. d3 e5 2. e3 Bb4+ 3. c3 Be7 4. Be2 f5 5. h4 h5 6. Nh3 Bxh4 7. 0-0 g6 8. Na3 c6 9. Nc4 Be7 10. Nxe5 Rh6 11. a4 d6 12. Nc4 d5 13. Nf4 dxc4 14. dxc4 Bd7 15. b3 g5 16. Nh3 Rd6 17. Qe1 g4 18. Nf4 Bg5 19. a5 a6 20. c5 Rh6 21. Ra2 b5 22. Rd2 Qxa5 23. Nd3 Qxc3 24. f4 Bf6 25. g3 Qxb3 26. Qf2 Bc3 27. Kg2 Bxd2 28. Bxd2 Nf6 29. Ba5 Qd5+ 30. Kh2 Ne4 31. Re1 Nxf2 32. Rf1 Nxd3 33. Rg1 h4 34. Bc7 hxg3+ 35. Kxg3 Rh1 36. Rxh1 Qxh1 37. Bf1 Qxf1 38. Kh4 Qg2 39. Be5 Nxc5 40. Kg5 Ne4+ 41. Kh6 Qh1+ 0-1

[Event "IECC O email"]
[Site "IECC email"]
[Date "2003.06.19"]
[Round "?"]
[White "Lafargue, Philippe"]
[Black "Healey, Jim"]
[Result "1-0"]
[WhiteElo "875"]
[BlackElo "926"]
[PlyCount "43"]
[EventDate "2003.??.??"]
[EventType "tourn (corr)"]
[EventRounds "6"]
[SourceTitle "Corr 2008"]
[Source "ChessBase"]
[SourceDate "2008.06.24"]
[SourceVersion "1"]
[SourceVersionDate "2008.06.24"]
[SourceQuality "1"]

1. d4 e6 2. c4 Nf6 3. Bg5 h6 4. Bxf6 Qxf6 5. c5 g6 6. e3 Qg7 7. Bd3 c6 8. Nf3 Be7 9. 0-0 0-0 10. Ne5 Bg5 11. f4 a5 12. fxg5 hxg5 13. Nd2 b5 14. Ndf3 Ba6 15. Nxg5 Bc8 16. Ngxf7 Rxf7 17. Rxf7 Kh7 18. Bxg6+ Kh8 19. Qh5+ Kg8 20. Rxg7+ Kxg7 21. Qh7+ Kf8 22. Qf7# 1-0